| 000 | 00414nam a2200181Ia 4500 | ||
|---|---|---|---|
| 001 | 11010 | ||
| 005 | 20260306161914.0 | ||
| 008 | 260306t2013||||xx |||||||||||||| ||spa|| | ||
| 041 | _aESP | ||
| 082 |
_a985 _bT18 |
||
| 100 |
_aTamayo Herrera, José _eAUT |
||
| 245 | 0 | _aNuevo compendio de historia del PerĂș | |
| 260 | _c2013 | ||
| 300 |
_a _c |
||
| 650 | _aGEN | ||
| 654 | _aCHU | ||
| 942 |
_cLIB _dJUS _fJUS _2ddc _n |
||
| 999 |
_c11010 _d11010 |
||